Sme Uberrrr

Rozhovor s prevádzkovým manažérom Uber pre ČR a SR Petrom Chovancom. Charakteristika priemerného partnerského vodiča v Bratislave. Presun kancelárie do Prahy. Nasadenie automatických Uber áut v Pittsburghu. Prečo sa vodiči pridali k Uberu.

Gespeichert in:
Bibliographische Detailangaben
1. Verfasser: Matijek, Peter
Weitere Verfasser: Chovanec, Peter
Format: Buchkapitel
Sprache:Slowakisch
Schlagworte:
Tags: Tag hinzufügen
Keine Tags, Fügen Sie das erste Tag hinzu!

MARC

LEADER 00000naa a2200000 4500
001 0221713
005 20231013092043.7
041 0 |a slo 
044 |a SK 
245 1 0 |a Sme Uberrrr  |c Peter Matijek, Peter Chovanec 
520 |a Rozhovor s prevádzkovým manažérom Uber pre ČR a SR Petrom Chovancom. Charakteristika priemerného partnerského vodiča v Bratislave. Presun kancelárie do Prahy. Nasadenie automatických Uber áut v Pittsburghu. Prečo sa vodiči pridali k Uberu. 
610 2 0 |a doprava cestná osobná 
610 2 0 |a doprava automobilová 
610 2 0 |a ekonomika zdieľaná 
610 2 0 |a internet 
610 2 0 |a firmy 
610 2 0 |a Slovensko 
610 2 0 |a Česko 
100 1 |a Matijek, Peter 
700 1 |a Chovanec, Peter